Planning guidance on land subject to contamination issues (Record no. 112705)

MARC details
000 -LEADER
fixed length control field 00749cad a22002055a 4500
001 - CONTROL NUMBER
control field E153800
008 - FIXED-LENGTH DATA ELEMENTS--GENERAL INFORMATION
fixed length control field 110905s20100831xxk f 000 0 eng d
035 ## - SYSTEM CONTROL NUMBER
System control number (Sirsi) u153800
041 0# - LANGUAGE CODE
Language code of text/sound track or separate title eng
100 1# - MAIN ENTRY--PERSONAL NAME
Personal name Mackay, Jim
245 00 - TITLE STATEMENT
Title Planning guidance on land subject to contamination issues
Medium [electronic resource]
260 ## - PUBLICATION, DISTRIBUTION, ETC.
Place of publication, distribution, etc. [Scotland]
Name of publisher, distributor, etc. SEPA
Date of publication, distribution, etc. 2010
490 #0 - SERIES STATEMENT
Series statement SEPA Guidance Note
Volume/sequential designation LUPS-GU3
520 ## - SUMMARY, ETC.
Summary, etc. Offers guidance on dealing with development planning in relation to contaminated land.
590 ## - LOCAL NOTE (RLIN)
Local note KA
651 #4 - SUBJECT ADDED ENTRY--GEOGRAPHIC NAME
Geographic name Scotland
Chronological subdivision 1999-
690 ## - LOCAL SUBJECT ADDED ENTRY--TOPICAL TERM (OCLC, RLIN)
Topical term or geographic name as entry element ENVIRONMENTAL AND LAND CONSULTANCY-PLANNING AND DEVELOPMENT
856 40 - ELECTRONIC LOCATION AND ACCESS
Uniform Resource Identifier <a href="https://www.sepa.org.uk/planning/contaminated_land.aspx">https://www.sepa.org.uk/planning/contaminated_land.aspx</a>
Public note View the guidance at www.sepa.org.uk
942 ## - ADDED ENTRY ELEMENTS (KOHA)
Suppress in OPAC 0
Holdings
Withdrawn status Lost status Source of classification or shelving scheme Damaged status Not for loan Home library Current library Shelving location Date acquired Total Checkouts Full call number Barcode Date last seen Copy number Price effective from Koha item type
    Dewey Decimal Classification     Virtual Virtual Online 05/09/2011   ONLINE PUBLICATION 153800-2001 06/08/2019 1 06/08/2019 Book